000 01049njm a22002417a 4500
005 20100903142821.0
006 a|||||r|||||00| 0
007 sd ammalaaahaa
008 100830t xxu||||| |||| 00| 0 eng d
028 _aH.1211
_bHindusthan Record
035 _aGR-350
040 _aSED
_cSED
100 _aVerma, Kumar Sachin Deb
_917814
245 _aRim jhim rim jhim- Geet /
_cby Kumar Sachin Deb Verma
_h[soung recording] :
246 _aरिम झिम रिम झिम- गीत / द्वारा कुमार सचिन देब वर्मा
260 _aIndia
_bHindusthan Record
300 _a1 sound disc [Gramophone Recording] :
_banalog, 33 1/3 rpm
_c9.5 in (MP)
_fGramophone Record
500 _aBrief record
505 _aSide-2 नैनो को समझा के जा- गीत (Naino ko samjha ke ja- Geet) (Kumar Sachin Deb Verma)
650 _bClassical music
_xExcerpts.
_zIndia
_917460
942 _2ddc
_cGR
999 _c43588
_d43588